|
|
|
|
| LEADER |
01104cam a2200301 7i4500 |
| 001 |
0000036577 |
| 005 |
20211008090000.0 |
| 007 |
##ta |
| 008 |
211006s2021 my eng |
| 020 |
# |
# |
|a 9789811553325
|
| 040 |
# |
# |
|a MATR
|
| 090 |
0 |
0 |
|a M 332.673510595
|b GOM
|
| 100 |
1 |
# |
|a Gomez, Edmund Terence
|e author
|
| 245 |
0 |
0 |
|a China in Malaysia :
|b State-Business Relations and the New Order of Investment Flows /
|c Edmund Terence Gomez, Siew Yean Tham, Ran Li, Kee Cheok Cheong.
|
| 264 |
# |
4 |
|a ♭.
|
| 264 |
# |
0 |
|a Singapore:
|b Palgrave Macmillan,
|c 2020.
|
| 300 |
# |
# |
|a xix, 116 pages:
|b illustrations;
|c 22 cm.
|
| 336 |
# |
# |
|a text
|2 rdacontent
|
| 337 |
# |
# |
|a unmediated
|2 rdamedia
|
| 338 |
# |
# |
|a volume
|2 rdacarrier
|
| 504 |
# |
# |
|a Includes bibliographical references and index
|
| 650 |
1 |
0 |
|a Investments --
|x Chinese --
|z Malaysia
|
| 651 |
# |
0 |
|a China --
|x Foreign economic relations --
|z Malaysia
|
| 651 |
# |
0 |
|a Malaysia --
|x Foreign economic relations --
|z China
|
| 700 |
1 |
# |
|a Tham, Siew Yean
|
| 700 |
1 |
# |
|a Li, Ran
|
| 700 |
1 |
# |
|a Cheong, Kee Cheok
|
| 999 |
|
|
|a B000041312
|b Book
|c Malaysia
|e Business Information Centre
|